Understanding the Bible / (Record no. 1126)

MARC details
000 -LEADER
fixed length control field 00795cam a2200253Ii 4500
001 - CONTROL NUMBER
control field 25763
003 - CONTROL NUMBER IDENTIFIER
control field GBCCL
005 - DATE AND TIME OF LATEST TRANSACTION
control field 20241126110354.0
008 - FIXED-LENGTH DATA ELEMENTS--GENERAL INFORMATION
fixed length control field 750916r1972 xx 000 0 eng d
035 ## - SYSTEM CONTROL NUMBER
System control number (OCoLC)01627818
040 ## - CATALOGING SOURCE
Original cataloging agency SLC
Transcribing agency SLC
Modifying agency FYB
049 ## -
-- LBBK
-- LBBA
-- LBBC
082 ## - DEWEY DECIMAL CLASSIFICATION NUMBER
Classification number 220.61
Item number STO
092 ## - LOCALLY ASSIGNED DEWEY CALL NUMBER (OCLC)
Classification number 220.07
Item number S888
100 1# - MAIN ENTRY--PERSONAL NAME
Personal name Stott, John R. W.
9 (RLIN) 325
245 10 - TITLE STATEMENT
Title Understanding the Bible /
Statement of responsibility, etc. by John R. W. Stott.
260 ## - PUBLICATION, DISTRIBUTION, ETC.
Place of publication, distribution, etc. Minneapolis :
Name of publisher, distributor, etc. World Wide Publications,
Date of publication, distribution, etc. 1972.
300 ## - PHYSICAL DESCRIPTION
Extent 254 p. ;
Dimensions 18 cm.
500 ## - GENERAL NOTE
General note "Special Crusade ed., published for the Billy Graham Evangelistic Association."
520 ## - SUMMARY, ETC.
Summary, etc. Lloyd M. Perry Collection.
630 00 - SUBJECT ADDED ENTRY--UNIFORM TITLE
Uniform title Bible
General subdivision Study and teaching.
9 (RLIN) 498
630 00 - SUBJECT ADDED ENTRY--UNIFORM TITLE
Uniform title Bible
General subdivision Criticism and interpretation.
9 (RLIN) 2023
942 ## - ADDED ENTRY ELEMENTS (KOHA)
Source of classification or shelving scheme Dewey Decimal Classification
Koha item type Books
Koha issues (borrowed), all copies 6
Holdings
Withdrawn status Lost status Source of classification or shelving scheme Damaged status Not for loan Home library Current Library Shelving location Date acquired Total checkouts Total renewals Full call number Barcode Date last seen Date last checked out Copy number Price effective from Koha item type
    Dewey Decimal Classification Damaged   GRACE BIBLE COLLEGE GRACE BIBLE COLLEGE Biblical Studies 2017-04-17 4 1 220.61 STO 003021 2025-05-01 2020-02-18 c.1 2017-04-17 Books
    Dewey Decimal Classification     GRACE BIBLE COLLEGE GRACE BIBLE COLLEGE Biblical Studies 2017-04-17 1   220.61 STO 006295 2025-05-01 2018-11-07 c.3 2017-04-17 Books
    Dewey Decimal Classification     GRACE BIBLE COLLEGE GRACE BIBLE COLLEGE Biblical Studies 2017-04-20 1   220.61 STO 003648 2025-05-01 2022-07-25 c.2 2017-04-20 Books
© Grace Bible College Library 2025